000
00354nam a2200169Ia 4500
100
_a
Chun/Russell
650
_a
Flash
942
_c
BK
366
_f
17.5
654
_a
flash
245
_a
Macromedia Flash advanced
260
_b
Pearson Education
_a
Mumbai
_c
2006
082
_a
005.133/CHU
_b
CHU
300
_a
662
546
_a
ENGLISH
999
_c
30300
_d
30300